000 00430nam a2200157Ia 4500
008 220204s9999 xx 000 0 und d
082 _a631.67(540)
_bSEV
100 _aGulati, Ashok
245 0 _aStrategic change in Indian irrigation
260 _aNew Delhi
_bMacmillan india Ltd
_c1995
650 _aCanal irrigation
650 _aIrrigation management
650 _aSoil salinity
700 _aSvendsen, Mark
942 _cBK
999 _c41041
_d41041